HIS CODE NAME : (Record no. 200097)

MARC details
000 -LEADER
fixed length control field 00717nam a2200229 i 4500
005 - DATE AND TIME OF LATEST TRANSACTION
control field 20250728161914.0
008 - FIXED-LENGTH DATA ELEMENTS--GENERAL INFORMATION
fixed length control field 250728s2025 my gr 000 f may d
020 ## - INTERNATIONAL STANDARD BOOK NUMBER
International Standard Book Number 9789672803768
Terms of availability RM27.00
Qualifying information paperback
040 ## - CATALOGING SOURCE
Original cataloging agency PPAK
Language of cataloging eng
Transcribing agency PPAK
Description conventions rda
082 04 - DEWEY DECIMAL CLASSIFICATION NUMBER
Edition number 23
Classification number 899.2333
090 00 - LOCALLY ASSIGNED LC-TYPE CALL NUMBER (OCLC); LOCAL CALL NUMBER (RLIN)
Classification number (OCLC) (R) ; Classification number, CALL (RLIN) (NR) 899.2333
Feature heading ELY
Feature heading G
100 0# - MAIN ENTRY--PERSONAL NAME
Personal name Elyshakaman,
Relator term author.
245 10 - TITLE STATEMENT
Title HIS CODE NAME :
Remainder of title ALPHA.
Number of part/section of a work 2 /
Statement of responsibility, etc. Elyshakaman
264 #1 - PRODUCTION, PUBLICATION, DISTRIBUTION, MANUFACTURE, AND COPYRIGHT NOTICE
Place of production, publication, distribution, manufacture Kajang, Selangor :
Name of producer, publisher, distributor, manufacturer Idea Kreatif Publication,
Date of production, publication, distribution, manufacture, or copyright notice 2025
300 ## - PHYSICAL DESCRIPTION
Extent 392 pages ;
Dimensions 19 cm
336 ## - CONTENT TYPE
Content type term text
Source rdacontent
337 ## - MEDIA TYPE
Media type term unmediated
Source rdamedia
338 ## - CARRIER TYPE
Carrier type term volume
Source rdacarrier
650 10 - SUBJECT ADDED ENTRY--TOPICAL TERM
Topical term or geographic name entry element Malay fiction
Topical term or geographic name entry element Malaysian fiction (Malay)
942 ## - ADDED ENTRY ELEMENTS (KOHA)
Source of classification or shelving scheme Dewey Decimal Classification
Koha item type Book
Holdings
Withdrawn Not for loan Current library Shelving location Date acquired Total Checkouts Total Renewals Full call number Barcode Date last seen Date last checked out Koha item type Checked out
    Perpustakaan Alor Setar Pinjaman Dewasa 03/08/2025 5 4 899.2333 ELY A01871706 30/05/2026 09/05/2026 Book  
    Perpustakaan Awam Sungai Petani Pinjaman Dewasa 03/08/2025 4   899.2333 ELY A01871707 06/06/2026 06/06/2026 Book 27/06/2026
    Perpustakaan Baling Pinjaman Dewasa 03/08/2025 4   899.2333 ELY A01871711 04/07/2026 16/06/2026 Book  
    Perpustakaan Bandar Baharu Pinjaman Dewasa 03/08/2025     899.2333 ELY A01871712 03/08/2025   Book  
    Perpustakaan Jitra Pinjaman Dewasa 03/08/2025 1 1 899.2333 ELY A01871708 15/12/2025 08/11/2025 Book  
    Perpustakaan Kuala Nerang Pinjaman Dewasa 03/08/2025 4 1 899.2333 ELY A01871716 21/04/2026 14/04/2026 Book  
    Perpustakaan Kulim Pinjaman Dewasa 03/08/2025 1   899.2333 ELY A01871710 12/01/2026 06/12/2025 Book  
    Perpustakaan Langkawi Pinjaman Dewasa 03/08/2025 1   899.2333 ELY A01871709 08/06/2026 08/06/2026 Book 29/06/2026
    Perpustakaan Merbok Pinjaman Dewasa 03/08/2025 6   899.2333 ELY A01871713 06/06/2026 19/05/2026 Book  
    Perpustakaan Pendang Pinjaman Dewasa 03/08/2025 1 1 899.2333 ELY A01871717 22/12/2025 30/11/2025 Book  
    Perpustakaan Sik Pinjaman Dewasa 03/08/2025 2   899.2333 ELY A01871715 05/01/2026 24/12/2025 Book  
    Perpustakaan Yan Pinjaman Dewasa 03/08/2025 2   899.2333 ELY A01871714 18/01/2026 28/12/2025 Book